| 000 | 01026naa a2200265 c 4500 | ||
|---|---|---|---|
| 001 | 50011 | ||
| 999 |
_c50011 _d50011 |
||
| 003 | ES-MaCES | ||
| 005 | 20171005110649.0 | ||
| 008 | 171005s2017 it ||||| t||||||| ||ita d | ||
| 040 |
_aES-MaCES _bspa _cES-MaCES _dES-MaCES |
||
| 245 | 0 | 2 | _aI Trattati Commerciali Fra Globalizzazione E Capitalismi Nazionali |
| 650 | 4 |
_927958 _acomercio internacional |
|
| 650 | 4 |
_927965 _arelaciones comerciales |
|
| 650 | 4 |
_927963 _aconvenio comercial |
|
| 650 | 4 |
_930653 _aglobalización económica |
|
| 650 | 4 |
_929223 _anuevo orden económico internacional |
|
| 650 | 4 |
_927142 _aempresa multinacional |
|
| 650 | 4 |
_927126 _anacionalismo |
|
| 650 | 4 |
_929875 _aderechos económicos y sociales |
|
| 650 | 4 |
_926684 _aderecho internacional |
|
| 653 | 1 | 0 | _aComercio internacional |
| 773 | 0 |
_986265 _dBologna (Strada Maggiore, 37, 40125) Il Mulino _o089162 _tStato e mercato _w(ES-MaCES)25280 _gn. 109 (apr. 2017/1) {10267 R. 089162} ;p. 3-132 |
|
| 902 | _aMON Monográfico de revista | ||
| 942 |
_2CES _cAR _h0.0. |
||